Pérolas a porcos (Registo nº 1800)

Detalhes MARC
000 -Etiqueta do registo
Cabeçalho 00783nam a22002771 4500
005 - Identificador da versão
Campo de controlo 20240827103408.0
010 ## - Número internacional normalizado dos livros (ISBN)
Número (ISBN) 9725302931
021 ## - Número do Depósito Legal
Código do país PT
Número 239864/06
100 ## - Dados gerais de processamento
Dados gerais de processamento 20070509d2006 am y0pory5003 ba
101 1# - Língua de publicação
Língua do texto, banda sonora, etc. Português
Língua do documento no original Inglês
102 ## - Pais de publicação ou produção
País de publicação Portugal
105 ## - Campo de dados codificados: livros
Dados codificados dos livros a t 000dy
106 ## - Campo de dados codificados: material textual
Dados codificados do material textual r
200 1# - Titulo e menção de responsabilidade
Título próprio Pérolas a porcos
Informação de outro título de noite todos os porcos são parcos
Primeira menção de responsabilidade Stephan Pastis
Outras menções de responsabilidade trad. Jorge Lima
205 ## - Menção da edição
Menção da edição 1ª ed.
210 ## - Publicação, Distribuição, etc. 
Lugar da edição, distribuição, etc. Lisboa
Nome do editor, distribuidor, etc. Bizâncio
Data da publicação, distribuição, etc. 2006
215 ## - Descrição física 
Indicação específica da natureza do documento e extensão da espécie 131 p.
Outras indicações físicas il.
Dimensões 23 cm
225 2# - Colecção 
Título próprio da colecção Pérolas a porcos
Indicação de volume 3
304 ## - Notas relativas a título e menção de responsabilidade 
Texto da nota Tít. orig.: Nighthogs
606 ## - Nome comum usado como assunto
Número de registo de entrada de autoridade 0000255
Palavra de ordem Literatura estrangeira juvenil
Subdivisão de assunto Banda desenhada
675 ## - Classificação Decimal Universal (CDU)
Notação 82-9
Edição
Língua da edição por
700 #1 - Nome de autor-pessoa física (responsabilidade principal)
Número de registo de entrada de autoridade 0000314
Palavra de ordem Pastis
Outra parte do nome não tomada para palavra de ordem Stephan
702 #1 - Nome de autor-pessoa física (responsabilidade secundária)
Número de registo de entrada de autoridade 0000315
Palavra de ordem Lima
Outra parte do nome não tomada para palavra de ordem Jorge
Código de função Tradutor
942 ## - Elementos de entrada adicionados (Koha)
Tipo de item no Koha Livro
Exemplares
Situação do levantamento Origin of item (home branch) (coded) Biblioteca de empréstimo Código de barras Cota Circulation type (not for loan) Tipo de documento Nota do exemplar Damaged status
  Biblioteca Escolar da Coca Maravilhas Biblioteca Escolar da Coca Maravilhas BECM7828/07 8BD PAS   Livro Sem mensagem